00485nam a2200145 a 450000100100000000500170001000800410002704000250006808200140009324500250010726000560013230000220018895201120021099900170032200002691620200930030504.0110328s1988 dr 000 0 spa d aDO-SdBNPbspacBNPHU axxxbV48303aLa verdad de Panama. aSanto Domingo :bEditora Universitaria-UASD,c1988. a27 p. : ;c21 cm. 0010718PDaPDbPDcCTd2011-03-28iLF1l0oxxx V483p26916-10r2020-06-25w2020-06-25yLFPDZNo se presta c26408d26408